000 00787nam a22002417a 4500
003 UA-OsUOA
001 49311
007 ta
008 20070927b un ||||| |||| 00| 0 ukr d
100 _aЯрош Б.О.
090 _a94(477).08
_bЯ77
942 _cBK
040 _aUA-OsUOA
_bukr
_cUA-OsUOA
_dUA-OsUOA
245 _aТоталітарний режим на західноукраїнських землях 30 - 50-ті роки ХХ століття
_b(історико-політологічний аспект)
300 _a170 с.
955 _a0
041 _aukr
080 _a94(477).08
020 _a5-7707-7572-6
260 _aЛуцьк
_bНадстир'я
_c1995
650 7 _a9 Географія. Біографії. Історія
_2UDC
999 _c335287
_d335287